| 000 | 00728nam a2200217Ia 4500 | ||
|---|---|---|---|
| 003 | GCL | ||
| 008 | 140319s9999 xx 000 0 ara d | ||
| 040 |
_aGCL / _cGCL |
||
| 082 | 0 | 4 |
_a792.09 _bت ت |
| 100 | 1 | _aدرينى خشبة | |
| 245 | 1 | 0 |
_aتاريخ المسرح فى ثلاثة الاف سنة (عرض لتاريخ الدراما والتمثيل والفنون المسرحية / _cدرينى خشبة |
| 700 | 1 | _aتشينى، شلدون | |
| 700 | 1 | _aعلى فهمى | |
| 300 | _a395 | ||
| 490 |
_a100 قصة _v0 |
||
| 650 | 0 | 4 | _aالتذوق المسرحى |
| 650 | 0 | 4 | _aالفنون المسرحية |
| 650 | 0 | 4 | _aالمسرح - تاريخ ونقد |
| 650 | 0 | 4 | _aالمسرح - تاريخ |
| 942 |
_2ddc _cBK |
||
| 999 |
_c46400 _d46400 |
||